Statystyki dla Jakie w Polsce,Województwie........

Kliknij tutaj aby rozwiązać quiz!

Ogólne statystyki

  • Ten quiz został rozwiązany 54 razy
  • Średni wynik to 4 z 8

Statystyki odpowiedzi

ZagadnienieOdpowiedź% Poprawnych
Jakie z podanych Województw, nie mają lotniska (chodzi o normalnie działające)Podlaskie,Świętokrzyskie,Opolskie
79%
Czy Szczecin ma granice z Niemcami?Nie
56%
Jakie miasta w Polsce łączy droga S8?Wrocław,Białystok
56%
Jaka gmina NIE znajduje się w Województwie PodlaskimStrzegowo
53%
W jakim Województwie leży Wieluń?Łódzkie
51%
Jakie miasto w Polsce, ma Dzielnice/Osiedle Jaroszówka?Białystok
47%
Ile Jest Miejscowości na helu (licząć Władysławowo)4
40%
Jakie miasto na Podlasiu ma najwięcej populacji?Łapy
37%

Rozkład punktacji

Percentyl według liczby udzielonych odpowiedzi

Procent ludzi z każdym wynikiem

Twoja historia wyników

Nie rozwiązałeś tego quizu